MARC

LEADER 00000nam0a2200000 4500
001 322823
005 20231102003518.0
035 |a (RuTPU)RU\TPU\book\348381 
035 |a RU\TPU\book\109686 
090 |a 322823 
100 |a 20161005d1974 km y0rusy5003 ca 
101 0 |a rus 
102 |a RU 
105 |a a z 001zy 
200 1 |a Структурные матрицы и их применение для исследования систем  |f Л. Г. Шатихин 
210 |a Москва  |c Машиностроение  |d 1974 
215 |a 274 с.  |c ил. 
320 |a Библиогр.: с. 247-251 (111 назв.) 
606 1 |a Динамические системы  |x Математические исследования  |2 stltpush  |3 (RuTPU)RU\TPU\subj\9530  |9 36760 
610 1 |a матрицы 
610 1 |a математические исследования 
610 1 |a структурные матрицы 
610 1 |a системные исследования 
610 1 |a автоматика 
610 1 |a сложные системы 
610 1 |a технические системы 
610 1 |a применение 
675 |a 681.51.033:51  |z rus  |v 4 
700 1 |a Шатихин  |b Л. Г.  |g Леонид Григорьевич  |4 070 
801 0 |a RU  |b 63413507  |c 19950417  |g psbo 
801 1 |a RU  |b 63413507  |c 20060915  |g PSBO 
801 2 |a RU  |b 63413507  |c 20171110  |g PSBO 
942 |c BK